A penésztartalom meghatározására alkalmas módszerek III. immunológiai és fizikai módszerek /

Elmentve itt :
Bibliográfiai részletek
Szerző: Kiskó Gabriella
Dokumentumtípus: Cikk
Megjelent: Q & M Kft. Budapest 1999
Sorozat:Élelmiszervizsgálati közlemények 45 No. 3
Kulcsszavak:Élelmiszervizsgálat - analitikai kémia, Élelmiszerkémia - módszer, Mikotoxikológia, Mikológia - toxinok, Penészgomba - toxinok
Tárgyszavak:
Online Access:http://acta.bibl.u-szeged.hu/80003
LEADER 01009nab a2200217 i 4500
001 acta80003
005 20230826091349.0
008 230727s1999 hu o 0|| hun d
022 |a 0422-9576 
040 |a SZTE Egyetemi Kiadványok Repozitórium  |b hun 
041 |a hun 
100 1 |a Kiskó Gabriella 
245 1 2 |a A penésztartalom meghatározására alkalmas módszerek III.   |h [elektronikus dokumentum] :  |b immunológiai és fizikai módszerek /  |c  Kiskó Gabriella 
260 |a Q & M Kft.  |b Budapest  |c 1999 
300 |a 149-159 
490 0 |a Élelmiszervizsgálati közlemények  |v 45 No. 3 
650 4 |a Műszaki és technológiai tudományok 
650 4 |a Egyéb műszaki tudományok és technológiák 
650 4 |a Élelmiszer és italfélék 
695 |a Élelmiszervizsgálat - analitikai kémia, Élelmiszerkémia - módszer, Mikotoxikológia, Mikológia - toxinok, Penészgomba - toxinok 
856 4 0 |u http://acta.bibl.u-szeged.hu/80003/1/elelmiszervizsgalati_kozlemenyek_1999_03_149-159.pdf  |z Dokumentum-elérés